EN PEYAR RAJA = (Record no. 178609)

MARC details
000 -LEADER
fixed length control field 00949nam a22002891i 4500
005 - DATE AND TIME OF LATEST TRANSACTION
control field 20200812124917.0
008 - FIXED-LENGTH DATA ELEMENTS--GENERAL INFORMATION
fixed length control field 200811s2018 ii a j 000 1 tam d
020 ## - INTERNATIONAL STANDARD BOOK NUMBER
Terms of availability RM 11.20
Qualifying information paperback
International Standard Book Number 9789388126250
040 ## - CATALOGING SOURCE
Original cataloging agency PPAK
Language of cataloging eng
Transcribing agency PPAK
Description conventions rda
082 04 - DEWEY DECIMAL CLASSIFICATION NUMBER
Edition number 23
Classification number 894.8113
090 00 - LOCALLY ASSIGNED LC-TYPE CALL NUMBER (OCLC); LOCAL CALL NUMBER (RLIN)
Classification number (OCLC) (R) ; Classification number, CALL (RLIN) (NR) 894.8113
Feature heading VAA
Feature heading K
100 10 - MAIN ENTRY--PERSONAL NAME
Linkage 880-01
Personal name Vaamukomu
Relator term author.
245 10 - TITLE STATEMENT
Linkage 880-02
Title EN PEYAR RAJA =
Remainder of title My name is Raja /
Statement of responsibility, etc. Vaamukomu
246 3# - VARYING FORM OF TITLE
Title proper/short title Eṉ peyar rājā
250 ## - EDITION STATEMENT
Edition statement First Edition
264 #1 - PRODUCTION, PUBLICATION, DISTRIBUTION, MANUFACTURE, AND COPYRIGHT NOTICE
Place of production, publication, distribution, manufacture Chennai, India :
Name of producer, publisher, distributor, manufacturer Books For Children ,
Date of production, publication, distribution, manufacture, or copyright notice ©2018
300 ## - PHYSICAL DESCRIPTION
Extent 48 pages :
Other physical details illustration(black and white) ;
Dimensions 22 cm.
336 ## - CONTENT TYPE
Source rdacontent
Content type term text
337 ## - MEDIA TYPE
Source rdamedia
Media type term unmediated
338 ## - CARRIER TYPE
Source rdacarrier
Carrier type term volume
546 ## - LANGUAGE NOTE
Language note In Tamil.
650 10 - SUBJECT ADDED ENTRY--TOPICAL TERM
Topical term or geographic name entry element Children's stories, Tamil.
655 #0 - INDEX TERM--GENRE/FORM
Genre/form data or focus term Tamil fiction.
880 1# - ALTERNATE GRAPHIC REPRESENTATION
Linkage 100-01
a வா.மு.கோமு
e author.
Linkage 245-02
a என் பெயர் ராஜா
942 ## - ADDED ENTRY ELEMENTS (KOHA)
Source of classification or shelving scheme Dewey Decimal Classification
Koha item type Book
Holdings
Withdrawn Not for loan Current library Shelving location Date acquired Full call number Barcode Date last seen Koha item type
    Perpustakaan Alor Setar Pinjaman Kanak-kanak 03/09/2020 K 894.8113 VAA A01645855 03/09/2020 Book
    Perpustakaan Kulim Pinjaman Kanak-kanak 03/09/2020 K 894.8113 VAA A01645856 03/09/2020 Book